000 00857nam a22002177a 4500
003 OSt
005 20230817101218.0
008 221006b |||||||| |||| 00| 0 eng d
040 _cBiblioteca Lado V
082 _a306.05
_bR454r
130 _9946
_aRevista Herencia
_lspa
245 _aRevista Herencia | Programa de rescate y Revitalizacion del Patrimonio Cultural/
260 _bUniversidad de Costa Rica
_bVicerrectoria de acción social
_c1995
_c1996
_aCosta Rica
_aSan Jose
300 _c18x25.5cm
_a151p.
490 _a1-2
_x1659-0066
_v7-8
650 _2Tesauro de Arte & Arquitectura
_aFOLCLORE
_9703
650 _2Tesauro de Arte & Arquitectura
_aCIVILIZACION
650 _2Tesauro de Arte & Arquitectura
_aPUBLICACIONES PERIODICAS
651 _2Tesauro de Arte & Arquitectura
_aCOSTA RICA
942 _2ddc
_c1
_h306.05
_iR454r
_n0
999 _c4151
_d4151